[Event "SLO-ch 33rd"]
[Site "Radenci"]
[Date "2023.04.28"]
[Round "5"]
[White "Marovt, Nejc"]
[Black "Novak, Rok"]
[Result "1-0"]
[WhiteElo "1734"]
[BlackElo "1865"]
[PlyCount "85"]
[EventDate "2023.04.25"]
[EventType "team-match"]
[EventRounds "9"]
[EventCountry "SLO"]
[SourceTitle "CBM 214 Extra"]
[Source "ChessBase"]
[SourceDate "2023.07.31"]
[SourceVersion "1"]
[SourceVersionDate "2023.07.31"]
[SourceQuality "1"]

1. e4 c6 2. d4 d5 3. e5 c5 4. c3 Nc6 5. Nf3 cxd4 6. cxd4 Bg4 7. Be2 e6 8. Nbd2 Nge7 9. Nb3 Nf5 10. 0-0 Be7 11. h3 Bxf3 12. Bxf3 Bg5 13. Bg4 Bxc1 14. Rxc1 g6 15. Bxf5 gxf5 16. Nc5 Qb6 17. Rc3 Qxb2 18. Qd3 Qb4 19. Rd1 0-0 20. a3 Qa5 21. Nxb7 Qb6 22. Nc5 Qc7 23. Na6 Qd7 24. Rb1 Rac8 25. Nc5 Qe7 26. Rb7 Rc7 27. Rcb3 Rxb7 28. Qg3+ Kh8 29. Rxb7 Qe8 30. Nd7 Qc8 31. Nxf8 Qxb7 32. Qh4 Qb1+ 33. Kh2 f4 34. Qxf4 Qf5 35. Qe3 Kg7 36. Nd7 Qc2 37. Qg3+ Qg6 38. Qe3 Qf5 39. Nf6 Ne7 40. Ne8+ Kg6 41. f4 Kh6 42. Nd6 Kg7 43. Nxf5+ 1-0

[Event "SLO-ch 32nd"]
[Site "Radenci"]
[Date "2022.07.03"]
[Round "1"]
[White "Marovt, Nejc"]
[Black "Plaskan, Jure"]
[Result "1-0"]
[WhiteElo "1723"]
[BlackElo "2189"]
[PlyCount "83"]
[EventDate "2022.07.03"]
[EventType "swiss"]
[EventRounds "9"]
[EventCountry "SLO"]
[SourceTitle "EXT 2023"]
[Source "ChessBase"]
[SourceDate "2022.10.05"]
[SourceVersion "1"]
[SourceVersionDate "2022.10.05"]
[SourceQuality "1"]

1. e4 c5 2. Nc3 a6 3. g3 g6 4. Bg2 Nc6 5. d3 Bg7 6. Be3 d6 7. Nge2 Nf6 8. 0-0 Rb8 9. h3 0-0 10. Qd2 b5 11. Bh6 b4 12. Nd1 Qb6 13. Kh2 Bxh6 14. Qxh6 c4 15. dxc4 Ne5 16. Ne3 Be6 17. b3 Kh8 18. Qg5 Qc5 19. Nd5 Nxd5 20. exd5 Bd7 21. Qd2 f6 22. Nd4 g5 23. Rae1 Rg8 24. f4 gxf4 25. Rxf4 Rg7 26. Be4 Rbg8 27. Rg1 Rg5 28. Bf5 Bxf5 29. Nxf5 Ng6 30. Rf3 e6 31. Nh6 Ne5 32. Rxf6 R8g6 33. Rff1 Kg7 34. dxe6 Qc6 35. Nf5+ Rxf5 36. Rxf5 Qe4 37. Qf4 Qxc2+ 38. Rg2 Qd1 39. e7 Re6 40. Rf8 Qh5 41. Rg8+ Kxg8 42. Qf8# 1-0

[Event "SLO-chT U16"]
[Site "Murska Sobota"]
[Date "2018.05.13"]
[Round "4"]
[White "Marovt, Nejc"]
[Black "Hazdovac, Jaka"]
[Result "1-0"]
[WhiteElo "1364"]
[BlackElo "1642"]
[PlyCount "73"]
[EventDate "2018.05.11"]
[EventType "team-swiss"]
[EventRounds "5"]
[EventCountry "SLO"]
[SourceTitle "EXT 2020"]
[Source "ChessBase"]
[SourceDate "2019.10.17"]
[SourceVersion "1"]
[SourceVersionDate "2019.10.17"]
[SourceQuality "1"]

1. e4 c5 2. Nf3 e6 3. Nc3 a6 4. g3 b5 5. a3 Bb7 6. d3 Be7 7. Bg2 d6 8. 0-0 Nf6 9. Re1 0-0 10. Nh4 Nc6 11. Bd2 Re8 12. b4 Rc8 13. bxc5 dxc5 14. Be3 Qd7 15. Bh3 Rcd8 16. Bf4 Bd6 17. e5 Nxe5 18. Bxe5 Qc6 19. Bg2 Nd5 20. Bxd6 Qxd6 21. Nxd5 exd5 22. Nf5 Qf6 23. Ne3 Re7 24. Rb1 Rde8 25. Qd2 Rd8 26. Qa5 Red7 27. Bh3 Rd6 28. Re2 Re8 29. Rbe1 g6 30. Ng4 Qd8 31. Rxe8+ Qxe8 32. Rxe8+ Kg7 33. Qc3+ d4 34. Qxc5 Re6 35. Qxd4+ f6 36. Qd7+ Re7 37. Qxe7# 1-0

[Event "SLO-chT U16"]
[Site "Murska Sobota"]
[Date "2018.05.12"]
[Round "3"]
[White "Skantar, Nejc"]
[Black "Marovt, Nejc"]
[Result "0-1"]
[WhiteElo "1500"]
[BlackElo "1364"]
[PlyCount "56"]
[EventDate "2018.05.11"]
[EventType "team-swiss"]
[EventRounds "5"]
[EventCountry "SLO"]
[SourceTitle "EXT 2020"]
[Source "ChessBase"]
[SourceDate "2019.10.17"]
[SourceVersion "1"]
[SourceVersionDate "2019.10.17"]
[SourceQuality "1"]

1. e4 e5 2. Nf3 Nc6 3. Bc4 Bc5 4. c3 d6 5. d4 exd4 6. cxd4 Bb6 7. Bg5 f6 8. Bd2 Bg4 9. d5 Ne5 10. Be2 Bxf3 11. Bxf3 Nd3+ 12. Ke2 Nxf2 13. Qe1 Nxh1 14. Qxh1 Qd7 15. Nc3 0-0-0 16. h3 Kb8 17. Qd1 Re8 18. Bh5 g6 19. Bg4 f5 20. Bf3 Nf6 21. Qc2 fxe4 22. Bxe4 Nxe4 23. Nxe4 Qf5 24. Qc3 Qxe4+ 25. Kd1 Bd4 26. Qc1 Rhf8 27. Qc2 Rf1+ 28. Be1 Qxe1# 0-1